000
00414nam a2200145Ia 4500
008
100204s9999 xx 000 0 und d
082
_b
9551
100
_a
शहा सुभाष
245
_a
त्रिकूट
260
_b
"मधुर पब्लिकेशन , पुणे 2"
_c
1987
300
_a
140
630
_a
त्रिकूट
730
_a
त्रिकूट
942
_c
BOOK
999
_c
453987
_d
453984